| 000 | 01361nam a22003977a 4500 | ||
|---|---|---|---|
| 003 | CHAP | ||
| 005 | 20220329143515.0 | ||
| 008 | 100310s2007 mx a r 00010 spa d | ||
| 010 | _a97710 | ||
| 011 | _a98682 | ||
| 020 | _a9707570504 | ||
| 035 | _a109367 | ||
| 040 | _cCHAP | ||
| 082 | 1 | 4 |
_a371.33582 _bP34 |
| 100 | 1 |
_aPedroza Flores, René. _986569 |
|
| 245 | 1 | 3 |
_aLa función supervisora y el fracaso escolar en telesecundarias _c/por René Pedroza Flores, José Luis Flores Reyes y Sabás Saldaña Mejía |
| 260 |
_aToluca, Méx. : _bUAEM, _c2007 |
||
| 300 |
_a184 p. : _bilus. |
||
| 590 |
_aBATCH-UPD _b10 _c20130110 _lUCH01 _h1013 |
||
| 590 |
_aBATCH-UPD _b10 _c20130410 _lUCH01 _h0620 |
||
| 590 |
_aBATCH-UPD _b10 _c20130914 _lUCH01 _h1243 |
||
| 590 |
_aCONVERSION _b10 _c20130109 _lUCH01 _h1354 |
||
| 650 | 1 | 4 |
_aAprendizaje. _96370 |
| 650 | 1 | 4 |
_aEducación audiovisual. _935558 |
| 650 | 1 | 4 |
_aEducación secundaria. _935597 |
| 650 | 1 | 4 |
_aEducación técnica. _935672 |
| 650 | 1 | 4 |
_aEnseñanza. _937085 |
| 650 | 1 | 4 |
_aRendimiento escolar. _995908 |
| 650 | 1 | 4 |
_aSupervisores. _9110751 |
| 650 | 1 | 4 |
_aTelevisión en educación. _9112088 |
| 700 | 1 |
_aFlores Reyes José Luis. _941701 |
|
| 700 | 1 |
_aSaldaña Mejía, Sabás. _9101520 |
|
| 901 | _aBK | ||
| 942 | _cLIBRO | ||
| 949 |
_a371.33582 P34 _bBC _cLIBRO _d33724002160165 _eLIBRO _gI.c/e _h112068 _i109367 _sb |
||
| 999 |
_c97710 _d97710 |
||